000 00319nam a2200133 i 4500
001 bg
100 1 _aSZCZERKOWSKI, Władysław
245 0 _aORP "Błyskawica" /
_cWładysław Szczerkowski.
260 _aGdańsk,
_c1979.
040 _cBPK
041 _apol
942 _cKS
008 s pl f |000 0 pol
999 _c21452
_d21452
856 _uhttp://koha.tu.koszalin.pl/cgi-bin/koha/opac-detail.pl?biblionumber=21452
_yKatalog online BPK